Wszystkie polskie kaczki - Statystyki

Ogólne statystyki
  • Ten quiz został rozwiązany 6 razy
  • Średni wynik to 7 z 32
Statystyki odpowiedzi
Gatunek % Poprawnych
Krzyżówka
100%
Mandarynka
80%
Nurogęś
80%
Cyraneczka
60%
Cyranka
60%
Głowienka
60%
Czernica
40%
Lodówka
40%
Bielaczek
20%
Edredon
20%
Gągoł
20%
Hełmiatka
20%
Krakwa
20%
Ogorzałka
20%
Płaskonos
20%
Podgorzałka
20%
Świstun
20%
Szlachar
20%
Bajkałówka
0%
Birginiak
0%
Cyranka modroskrzydła
0%
Czerniczka
0%
Kamieniuszka
0%
Markaczka
0%
Markaczka amerykańska
0%
Ogorzałka mała
0%
Rożeniec
0%
Sterniczka
0%
Świstun amerykański
0%
Turkan
0%
Uhla
0%
Uhla azjatycka
0%
Nie znaleziono quizów pasujących do podanych kryteriów
Rozkład punktacji
Procent ludzi z każdym wynikiem
Percentyl według liczby udzielonych odpowiedzi
Twoja historia wyników
Nie rozwiązałeś tego quizu